Изучение реакции цементации на стационарном сферическом ртутном электроде; Успехи полярографии с накоплением

Bibliografske podrobnosti
Parent link:Успехи полярографии с накоплением.— 1973.— С. 42-44
Glavni avtor: Жихарев Ю. Н.
Drugi avtorji: Назаров Б. Ф., Стромберг А. Г. Армин Генрихович
Jezik:ruščina
Izdano: 1973
Teme:
Format: MixedMaterials Book Chapter
KOHA link:https://koha.lib.tpu.ru/cgi-bin/koha/opac-detail.pl?biblionumber=222648

MARC

LEADER 00000naa2a2200000 4500
001 222648
005 20240226140833.0
035 |a (RuTPU)RU\TPU\book\242862 
035 |a RU\TPU\book\242861 
090 |a 222648 
100 |a 20120927d1973 k y0rusy50 ca 
101 0 |a rus 
102 |a RU 
200 1 |a Изучение реакции цементации на стационарном сферическом ртутном электроде  |f Ю. Н. Жихарев, Б. Ф. Назаров, А. Г. Стромберг 
463 1 |0 (RuTPU)RU\TPU\book\240821  |t Успехи полярографии с накоплением  |o материалы Всесоюзной конференции "Амальгамная полярография с накоплением и ее применение в научных исследованиях", Томск  |f Томский политехнический институт (ТПИ) ; под ред. А. Р. Стромберга  |v С. 42-44  |d 1973  |p 278 с. 
610 1 |a труды учёных ТПУ 
700 1 |a Жихарев  |b Ю. Н. 
701 1 |a Назаров  |b Б. Ф. 
701 1 |a Стромберг  |b А. Г.  |c химик, специалист в области классической полярографии и инверсионной вольтамперометрии  |c профессор Томского политехнического института  |f 1910-2004  |g Армин Генрихович  |3 (RuTPU)RU\TPU\pers\11188  |4 070  |9 2478 
801 1 |a RU  |b 63413507  |c 20101220 
801 2 |a RU  |b 63413507  |c 20150611  |g RCR 
942 |c BK